Derecho procesal: reglas comunes a todo procedimiento
Gespeichert in:
| 1. Verfasser: | |
|---|---|
| Format: | Buch |
| Sprache: | Spanisch |
| Veröffentlicht: |
Santiago
Universitaria
1962
|
| Schlagworte: | |
| Tags: |
Tag hinzufügen
Keine Tags, Fügen Sie den ersten Tag hinzu!
|
MARC
| LEADER | 00000nam a2200000 a 4500 | ||
|---|---|---|---|
| 001 | UCS1032 | ||
| 003 | CL-VaPUC | ||
| 008 | 970506e19620000CL |||||||||||||||||spa|d | ||
| 082 | 0 | 4 | |a 347.8305 |b BEN |2 21 |
| 100 | 0 | |a Benavente Gorroño, Darío |e author |9 385027 | |
| 245 | 1 | 0 | |a Derecho procesal: reglas comunes a todo procedimiento |
| 300 | |a 138 p | ||
| 942 | |c BK | ||
| 945 | |d 19970506 00:00:00 |a lriquelm | ||
| 260 | |a Santiago |b Universitaria |c 1962 | ||
| 650 | 0 | |a Derecho procesal penal |9 255496 | |
| 650 | 7 | |a PARTES EN EL PROCESO |2 CL-VaPUC |9 384962 | |
| 650 | 7 | |a NOTIFICACIONES |2 CL-VaPUC |9 385028 | |
| 650 | 7 | |a RESOLUCIONES JUDICIALES |2 CL-VaPUC |9 383998 | |
| 650 | 7 | |a PROCESO |2 CL-VaPUC |9 335377 | |
| 650 | 0 | |a Cosa juzgada |9 255091 | |
| 651 | 7 | |a CHILE |2 CL-VaPUC |9 385029 | |
| 583 | |a last modification |c 20130328 13:31:40 |k Rodrigo Vera | ||
| 999 | |c 259143 |d 259141 | ||
| 952 | |0 0 |1 0 |4 0 |6 347_830500000000000_BEN_1962 |7 0 |8 ? |9 283724 |a BIBDER |b BIBDER |d 2019-11-19 |i 1840258 |o 347.8305 BEN 1962 |p 1840258 |r 2023-01-25 |w 2019-11-19 |y BK |k DER | ||